| 000 | 00000nam##2200000za#4500 |
| 001 | 9.698058 |
| 003 | CaOODSP |
| 005 | 20210624235745 |
| 007 | cr ||||||||||| |
| 008 | 150407|2000||||xxc|||||o f|0| 0 eng|d |
| 040 | |aCaOODSP|beng |
| 043 | |an-cn--- |
| 086 | 1 |aM22-135/2000E-PDF |
| 110 | 1 |aCanada.|bNatural Resources Canada. |bClimate Change Secretariat. |
| 245 | 10|aGovernment of Canada Action Plan 2000 on Climate Change |h[electronic resource] |
| 260 | |aOttawa - Ontario : |bNatural Resources Canada. |c2000. |
| 300 | |a17p.|bgraphs |
| 500 | |aThe catalogue number (M22-135/2000E) and ISBN (0-662-29444-0) for the print edition have been incorrectly copied in this electronic publication. |
| 590 | |a13-15-Supp|b2013-06-24 |
| 690 | 07|aEnvironmental policy|2gcpds |
| 690 | 07|aClimate|2gcpds |
| 690 | 07|aGreenhouse effect|2gcpds |
| 775 | 08|tPlan d'action 2000 du gouvernement du Canada sur le changement climatique |w(CaOODSP)9.642054 |
| 776 | 0#|tGovernment of Canada Action Plan 2000 on Climate Change |w(CaOODSP)9.647893 |
| 856 | 40|ahttp://publications.gc.ca|qPDF|s1.35 MB|uhttps://publications.gc.ca/collections/Collection/M22-135-2000E.pdf |